00424nam a2200145Ia 4500100002100000942000700021654001300028245006400041260002200105082001800127300000900145546001200154999001700166952009500183 aMoseley/ Boodey  cBK aComputer aMastering Microsoft office professional for Windows 95 bnoneaDelhic1996 a5.43bMOS/BOO a1083 aENGLISH c29932d29932 001040708CRCaCRCEbCRCEd2023-03-17l0o5.43 MOS/BOOp9278r2023-03-17w2023-03-17yBK